000 00526nam a2200157Ia 4500
008 210719s2007 xx 000 0 und d
041 _aeng
082 _a332.1 DEEC
100 _aDEEKSHIT (K)
245 _aCredit policies and recovery schemes in Indian Overseas Bank
260 _aMangalore
_bDepartment of Business Management St Aloysius College
_c2007
300 _a50
_bHB
650 _aManagement
650 _aProject Reports
906 _aand ; Bank ; Credit ; in ; Indian ; Overseas ; policies ; recovery ; schemes
999 _c214460
_d214460